Programa: "La deuda social argentina" (Registro nro. 6979)

Detalles MARC
000 -LEADER
fixed length control field 00841 a2200241 4500
001 - CONTROL NUMBER
control field 60426
005 - DATE AND TIME OF LATEST TRANSACTION
control field 20260407155855.0
008 - FIXED-LENGTH DATA ELEMENTS--GENERAL INFORMATION
fixed length control field 260407a2003 arg spa d
003 - CONTROL NUMBER IDENTIFIER
control field AR-UNSa-BCEJYS
040 ## - CATALOGING SOURCE
Original cataloging agency AR-UNSa-BCEJYS
Language of cataloging spa
Transcribing agency AR-UNSa-BCEJYS
080 ## - UNIVERSAL DECIMAL CLASSIFICATION NUMBER
Universal Decimal Classification number 304.4(82)
Common auxiliary subdivision Aspectos generales de las políticas y prácticas sociales y culturales en Argentina (política social)
041 ## - LANGUAGE CODE
Language code of text/sound track or separate title spa
100 1# - MAIN ENTRY--PERSONAL NAME
Personal name Universidad Católica Argentina. Instituto para la Integración del Saber
245 10 - TITLE STATEMENT
Title Programa: "La deuda social argentina"
264 #1 - PRODUCTION, PUBLICATION, DISTRIBUTION, MANUFACTURE, AND COPYRIGHT NOTICE
Place of production, publication, distribution, manufacture Buenos Aires :
Name of producer, publisher, distributor, manufacturer Pontificia Universidad Católica Argentina
Date of production, publication, distribution, manufacture, or copyright notice 2003
300 ## - PHYSICAL DESCRIPTION
Extent 3 v.
Dimensions 20 cm.
590 ## - LOCAL NOTE (RLIN)
Local note niveau_biblio:m niveau_hierar:0
700 1# - ADDED ENTRY--PERSONAL NAME
Personal name Salvia, Agustín
700 1# - ADDED ENTRY--PERSONAL NAME
Personal name Rubio, Alberto
700 1# - ADDED ENTRY--PERSONAL NAME
Personal name Mourtagh, Ricardo
700 1# - ADDED ENTRY--PERSONAL NAME
Personal name Estévez, Alejandro M.
942 ## - ADDED ENTRY ELEMENTS (KOHA)
Koha item type
Existencias
Withdrawn status Lost status Damaged status Not for loan Home library Current library Shelving location Date acquired Total checkouts Full call number Barcode Date last seen Price effective from Koha item type Public note
        Biblioteca Prof. Eusebio Cleto del Rey Biblioteca Prof. Eusebio Cleto del Rey   07/04/2026   304.4(82) P964 v.1 L129166 07/04/2026 07/04/2026 Libro RESALTADOR
        Biblioteca Prof. Eusebio Cleto del Rey Biblioteca Prof. Eusebio Cleto del Rey   07/04/2026   304.4(82) P964 v.2 L129167 07/04/2026 07/04/2026 Libro RESALTADOR
        Biblioteca Prof. Eusebio Cleto del Rey Biblioteca Prof. Eusebio Cleto del Rey   07/04/2026   304.4(82) P964 v.3 L129168 07/04/2026 07/04/2026 Libro RESALTADOR PÁG 23